00439nam a2200145Ia 4500100002200000942000700022654001300029245004100042260003400083082001400117300000800131546001200139999001700151952012500168 aRhee/ Man/ Young  cBK aComputer aCryptography & secure communication bMc Graw HillaSingaporec1994 a5.82bRHE a504 aENGLISH c28232d28232 001040708CRCaCRCEbCRCEd2023-03-17eglobal booksg694.26i29l0o5.82 RHEp8233r2023-03-17v694.26w2023-03-17yBK